000
00275nam a2200097 a 4500
005
20200929161456.0
008
090925s1977 000 spa d
245
3
_a
Lo popupar y lo culto en la poesÃa dominicana.
260
_a
Santiago de los Caballeros,
_c
1977.
999
_c
8813
_d
8813
040
_a
DO-SdBNP